Salud comunitaria en la VI región República de Nicaragua
Պահպանված է:
| Ձևաչափ: | Անհայտ |
|---|---|
| Լեզու: | Spanish |
| Հրապարակվել է: |
Nicaragua :
Sin editor
|
| Խորագրեր: | |
| Ցուցիչներ: |
Ավելացրեք ցուցիչ
Չկան պիտակներ, Եղեք առաջինը, ով նշում է այս գրառումը!
|
MARC
| LEADER | 00000 a2200000 04500 | ||
|---|---|---|---|
| 001 | 48402 | ||
| 003 | |||
| 008 | 050609s1987 nq a spa d | ||
| 040 | |||
| 020 | |a [sin ISBN] | ||
| 022 | |a [sin ISBN] | ||
| 245 | |a Salud comunitaria en la VI región |b República de Nicaragua | ||
| 260 | |a Nicaragua : |b Sin editor | ||
| 300 | |a ca. 46 páginas |b il. | ||
| 500 | |a Título de la cubierta : La participación de la mujer en la salud comunitaria de Nicaragua |a Datos correspondientes a la V Región | ||
| 590 | |a Colección ALFORJA | ||
| 650 | |a SALUD | ||
| 650 | |2 Macrothesauro de la OCDE/ | ||
| 650 | |a SALUD DE LA COMUNIDAD | ||
| 650 | |2 Macrothesauro de la OCDE/ | ||
| 650 | |a MUJERES | ||
| 650 | |2 Macrothesauro de la OCDE/ | ||
| 650 | |a SERVICIOS DE SALUD | ||
| 650 | |2 Macrothesauro de la OCDE/ | ||
| 650 | |a INDICADORES DE SALUD | ||
| 650 | |2 Macrothesauro de la OCDE/ | ||
| 651 | |a Nicaragua | ||
| 999 | |c 16477 |d 16477 | ||
